000 00699nam a2200241Ia 4500
003 OSt
005 20220926015400.0
006 a|||||r|||| 00| 0
007 ta
008 220923b |||||||| |||| 00| 0 eng d
020 _a0195652517
037 _cGeneral Book
040 _aRTL
_cRTL
_beng
041 _2eng
_aeng
082 _aY:77.1.N99r, N9
110 _aUNITED NATIONS DEVELOPMENT PROGRAMME
_929056
245 0 _aHuman development report 1999
260 _aNew York
_bOxford Univrsity Press Inc.
_c1999
300 _axiv, 262p
_ccm.
700 _aUNITED NATIONS DEVELOPMENT PROGRAMME
_929057
942 _hY:77.1.N99r, N9
_cGB
_2CC
999 _c631350
_d631350